00762nam a22002057a 450000500170000001000150001702000260003203500140005803700090007208200090008110000250009024500440011525000060015926000480016527001330021330000210034694200200036799900190038795201500040620241001124213.0 aENG-141847 a9789393757210c200.00 aEN-125379 bDBAD aS21 aSharma, Anand972254 aThe Game of Deception/cBy Anand Sharma a1 bVishwakarma Publicationsc2022aMaharashtra a34A/1, Suyog Center, 7th floor, Gultekedi Marketyard Road, Giridhar Bhavan Chowk, e411037bPuneminfo@vpindia.co.ink9168682200 a144p.c22cm (pb) 2ddccENhSmSHA c206045d206045 001040708NFICaVPbVPd2024-10-01eDelivery of Books Act Divisiong200.00l0oS SHApEN-125379r2024-10-01 00:00:00t1v200.00w2024-10-01yEN